00947nam a22002777i 4500003000900000005001700009008004100026040004300067041000800110082002300118100003000141245008800171264004700259300002400306336002200330337002400352338003300376490003700409504002900446546002000475650005200495650001800547651001000565700003700575856005700612EG-GICUC20260121101448.0251210s1956 us ||||fr|||| 001 0 eng d aEG-GiCUCbengcEG-GiCUCdEG-GiCUCerda aeng04221a341.23bHO . L1 aHouston, John A.eAuthor.10aLatin America in the United Nations /cJohn A.Houston ; Foreword Ricardo J. Alfaro. 1aNew York :bUnited Nations studies,c1956. a345 pages ;c24 cm. 2rda contentatext 2rda mediaaComputer 2rda carrieraOnline Resource0 aUnited Nations Studies ;vNo. 8. aBibliographic references aText in English14aUnited NationsxPublic international law2qrmak14aLatin America1 2qrmak1 aAlfaro, Ricardo J. eContributor40uhttps://fll.law.cu.edu.eg/fulltext/bks/B11-05033.pdf